Weirs and flumes for flow measurement

সংরক্ষণ করুন:
গ্রন্থ-পঞ্জীর বিবরন
বিন্যাস: গ্রন্থ
ভাষা:Undetermined
প্রকাশিত: New York John Wiley & son 1989
বিষয়গুলি:
ট্যাগগুলো: ট্যাগ যুক্ত করুন
কোনো ট্যাগ নেই, প্রথমজন হিসাবে ট্যাগ করুন!
Thư viện lưu trữ: Trung tâm Học liệu Trường Đại học Cần Thơ
LEADER 00424nam a2200145Ia 4500
001 CTU_46299
008 210402s9999 xx 000 0 und d
082 |a 627 
082 |b W425 
245 0 |a Weirs and flumes for flow measurement 
260 |a New York 
260 |b John Wiley & son 
260 |c 1989 
650 |a hydraulic engineering,water resources development 
980 |a Trung tâm Học liệu Trường Đại học Cần Thơ